000 00735nam a2200265 i 4500
001 C2-0306907
003 PPAK
005 20180728093519.0
008 101222s nz a|||| ||||| | eng d
020 _a1844223639
040 _aPPAK
_beng
_cPPAK
_erda
082 0 4 _a428.1
_223
090 0 0 _a428.1
_bMUR
_dK
100 1 _aMurray, W,
_eauthor
245 1 0 _aWe have fun
264 1 _aNew Zealand :
_bLadybird Books Ltd. ,
300 _a50 pages :
_bcolour illustrations ;
_c18 cm
336 _2rdacontent
_atext
337 _2rdamedia
_aunmediated
338 _2rdacarrier
_avolume
490 1 _aKey words with Ladybird
650 1 0 _aEnglish language - Word formation.
830 0 _aKey words with Ladybird
942 _ddc
_cB
999 _c109730
_d109730